00457cam a2200169ua 45000010005000000080039000050200018000440400009000620820010000711000029000812450039001102500009001492600057001583000017002156530040002326530015002721489140213n ii |||gr||||Z||||||eng a81-224-1814-7 cMAIN a519.5 aAgarwal, B. L.,eAuthor. aBasic statisticscby B. L. Agarwal a4th. aNew Delhi:bNew age international publishers,c2006. a763p:c23cm. aProbabilities & applied mathematics aStatistics